ARRUPE JESUIT UNIVERSITY

CORONAVIRUS -STOP THE SPREAD - CLEAN,DISINFECT,COVER

Africa's media image in the 21st century : (Record no. 125620)

MARC details
000 -LEADER
fixed length control field 04798pam a2200517 i 4500
001 - CONTROL NUMBER
control field 12173487
003 - CONTROL NUMBER IDENTIFIER
control field ARRUPE
005 - DATE AND TIME OF LATEST TRANSACTION
control field 20161028113326.0
008 - FIXED-LENGTH DATA ELEMENTS--GENERAL INFORMATION
fixed length control field 151210s2017 enka b 001 0 eng
010 ## - LIBRARY OF CONGRESS CONTROL NUMBER
LC control number 2015048198
020 ## - INTERNATIONAL STANDARD BOOK NUMBER
International Standard Book Number 9781138962323
Qualifying information paperback
020 ## - INTERNATIONAL STANDARD BOOK NUMBER
International Standard Book Number 1138962325
Qualifying information paperback
020 ## - INTERNATIONAL STANDARD BOOK NUMBER
International Standard Book Number 9781138962316
Qualifying information hardcover
020 ## - INTERNATIONAL STANDARD BOOK NUMBER
International Standard Book Number 1138962317
Qualifying information hardcover
024 ## - OTHER STANDARD IDENTIFIER
Standard number or code 99968772948
035 ## - SYSTEM CONTROL NUMBER
System control number (OCoLC)ocn932115962
035 ## - SYSTEM CONTROL NUMBER
System control number (OCoLC)932115962
035 ## - SYSTEM CONTROL NUMBER
System control number (NNC)12173487
040 ## - CATALOGING SOURCE
Original cataloging agency DLC
Language of cataloging eng
Description conventions rda
Transcribing agency DLC
Modifying agency OCLCO
-- OCLCF
-- OCLCO
-- OCLCA
-- OCL
-- NhCcYBP
042 ## - AUTHENTICATION CODE
Authentication code pcc
043 ## - GEOGRAPHIC AREA CODE
Geographic area code f------
050 00 - LIBRARY OF CONGRESS CALL NUMBER
Classification number P96.A37
Item number A58 2017
082 00 - DEWEY DECIMAL CLASSIFICATION NUMBER
Classification number 070.4/49960331
Edition number 23
300 ## - PHYSICAL DESCRIPTION
Dimensions 24 cm.
245 00 - TITLE STATEMENT
Title Africa's media image in the 21st century :
Remainder of title from the "Heart of darkness" to "Africa rising" /
Statement of responsibility, etc edited by Mel Bunce, Suzanne Franks, and Chris Paterson.
260 ## - PUBLICATION, DISTRIBUTION, ETC. (IMPRINT)
Place of publication, distribution, etc London
Name of publisher, distributor, etc Routledge
Date of publication, distribution, etc 2016
300 ## - PHYSICAL DESCRIPTION
Extent xvii, 239 pages ;
490 1# - SERIES STATEMENT
Series statement Communication and society
504 ## - BIBLIOGRAPHY, ETC. NOTE
Bibliography, etc Includes bibliographical references and index.
505 0# - FORMATTED CONTENTS NOTE
Formatted contents note Introduction: a new Africa's media image? / Mel Bunce, Suzanne Franks and Chris Paterson -- Framing Africa. The international news coverage of Africa: beyond the "single story" / Mel Bunce -- Media perspectives: in defence of western journalists in Africa / Michela Wrong -- Reporting and writing Africa in a world of unequal encounters / Francis Nyamonjoh -- Media perspectives: how does Africa get reported? a letter of concern to 60 minutes / Howard French -- How not to write about writing about Africa / Martin Scott -- Bringing Africa home: reflections on discursive practices of domestication in international news reporting on Africa by Belgian television / Stijn Joye -- The image of Africa from the perspectives of the African diasporic press in the UK / Ola Ogunyemi -- The image makers. Mediating the distant Other for the distant audience: How do Western correspondents in East and Southern Africa perceive their audience? / Toussaint Nothias -- Media perspectives: television reporting of Africa 30 years on / Zeinab Badawi -- Foreign correspondents in Sub-Saharan Africa: their socio-demographics and professional culture -- Paulo Nuno Vicente -- Media perspectives: reflecting on my father's legacy in reporting Africa / Salim Amin -- We're missing the story: the media's retreat from foreign reporting / Anjan Sundaram -- Instagram as a potential platform for alternative visual culture in South Africa / Danielle Becker -- Media perspectives: social media and new narratives: Kenyans tweet back / H. Nanjala Nyabola -- A "new Ghana" in "Rising Africa"? / Rachel Flamenbaum -- Development and humanitarian stories. Media perspectives: is Africa's development story still stuck on aid? / Eliza Anyangwe -- AIDS in Africa and the British media: shifting images of a pandemic / Ludek Stavinoha -- Media perspectives: a means to an end? creating a market for humanitarian news from Africa / Heba Aly -- It was a "simple", "positive" story of African self-help (manufactured for a Kenyan NGO by advertising multinationals) / Kate Wright -- Media perspectives: Africa for Norway: challenging stereotypes using humour / Nikolas Poulsen Viki -- Bloggers, celebrities, and economists: news coverage of the Millennium Village Project / Audrey Arriss, Anya Schiffrin and Michelle Chahine -- Politics in the representation of Africa. Africa through Chinese eyes: new frames or the same old lens? African news in English from China Central Television, compared with the BBC / Vivien Marsh -- Media perspectives: new media & African engagement with the global public sphere / Sean Jacobs -- Shifting power relations, shifting images Herman Wasserman -- Communicating violence: the media strategies of Boko Haram / Abdullahi Abubakar -- Media Perspectives: Chinese media perceptions on the reporting of Africa / James Wan -- New imperialisms, old stereotypes / Chris Paterson -- Nollywood news: African screen media at the intersections of the global and the local / Noah Tsika.
648 #7 - SUBJECT ADDED ENTRY--CHRONOLOGICAL TERM
Chronological term 2000-2099
Source of heading or term fast
9 (RLIN) 27126
650 #0 - SUBJECT ADDED ENTRY--TOPICAL TERM
Topical term or geographic name as entry element Journalism
General subdivision Technological innovations.
9 (RLIN) 27127
650 #7 - SUBJECT ADDED ENTRY--TOPICAL TERM
Topical term or geographic name as entry element Journalism
General subdivision Technological innovations.
Source of heading or term fast
9 (RLIN) 27127
650 #7 - SUBJECT ADDED ENTRY--TOPICAL TERM
Topical term or geographic name as entry element Mass media.
Source of heading or term fast
9 (RLIN) 536
650 #7 - SUBJECT ADDED ENTRY--TOPICAL TERM
Topical term or geographic name as entry element Press coverage.
Source of heading or term fast
9 (RLIN) 27128
651 #0 - SUBJECT ADDED ENTRY--GEOGRAPHIC NAME
Geographic name Africa
General subdivision In mass media.
9 (RLIN) 27129
651 #0 - SUBJECT ADDED ENTRY--GEOGRAPHIC NAME
Geographic name Africa
General subdivision Press coverage
-- History
Chronological subdivision 21st century.
9 (RLIN) 27130
651 #7 - SUBJECT ADDED ENTRY--GEOGRAPHIC NAME
Geographic name Africa.
Source of heading or term fast
9 (RLIN) 8946
655 #7 - INDEX TERM--GENRE/FORM
Genre/form data or focus term History.
Source of term fast
9 (RLIN) 12337
700 1# - ADDED ENTRY--PERSONAL NAME
Personal name Bunce, Melanie,
Dates associated with a name 1983-
Relator term editor.
9 (RLIN) 27131
700 1# - ADDED ENTRY--PERSONAL NAME
Personal name Franks, Suzanne,
Relator term editor.
9 (RLIN) 27132
700 1# - ADDED ENTRY--PERSONAL NAME
Personal name Paterson, Chris,
Dates associated with a name 1963-
Relator term editor.
9 (RLIN) 27133
830 #0 - SERIES ADDED ENTRY--UNIFORM TITLE
Uniform title Communication and society (Routledge (Firm))
9 (RLIN) 27134
942 ## - ADDED ENTRY ELEMENTS (KOHA)
Source of classification or shelving scheme Library of Congress Classification
Koha item type Monograph ( Printed materials)
948 1# - LOCAL PROCESSING INFORMATION (OCLC); SERIES PART DESIGNATOR (RLIN)
Series part designator, SPT (RLIN) 20160930
b (OCLC) c
c (OCLC) hew2
d (OCLC) MPS
Holdings
Withdrawn status Lost status Source of classification or shelving scheme Damaged status Not for loan Collection code Home library Current library Shelving location Date acquired Total Checkouts Full call number Barcode Date last seen Date checked out Price effective from Koha item type
    Library of Congress Classification     Main Collection ARRUPE LIBRARY ARRUPE LIBRARY Main Collection 28/10/2016 2 P96.A37 A58 2016 46500010014 17/04/2019 12/04/2019 28/10/2016 Monograph ( Printed materials)

 

Arrupe Library. PO Box MP320 Mt Pleasant, Harare, Zimbabwe
263 242 745411|librarian@aju.ac.zw